|
|
|
|
| LEADER |
00000nam a22000007a 4500 |
| 005 |
20180226174327.0 |
| 007 |
cr|||| |||| |
| 008 |
180226c201?9999cl zx|pso|||| 0|||a1spa d |
| 022 |
|
|
|a 0718-4220
|
| 035 |
|
|
|a 14532
|
| 040 |
|
|
|a vLex
|
| 090 |
|
|
|c 7416
|d 7416
|
| 245 |
0 |
0 |
|a Serie Informe Justicia
|h [Recurso electrn̤ico]
|
| 256 |
|
|
|a Servicio en ln̕ea
|
| 260 |
|
|
|a Santiago de Chile :
|b Fundacin̤ derecho y libertad,
|c 201? -
|
| 300 |
|
|
|a 1 recurso electrn̤ico
|
| 310 |
|
|
|a Irregular
|
| 506 |
0 |
|
|a Disponible solo en los productos indicados
|d vLex Global
|d vLex Global (Academic Edition, excluding Law Schools)
|d vLex Global (U.S. Academic Edition, Law Schools)
|d vLex Global (U.S. Academic Edition, excluding Law Schools)
|d vLex Global (Academic Edition, Law Schools)
|
| 650 |
0 |
4 |
|a Justicia
|z Chile
|
| 650 |
0 |
4 |
|a Derecho
|z Chile
|
| 740 |
0 |
|
|a vLex Revistas (Servicio en ln̕ea)
|
| 856 |
4 |
0 |
|u http://vlex.com/source/14532
|z Acceso restringido
|
| 942 |
|
|
|c REV
|
| 999 |
0 |
|
|a Justice
|
| 999 |
0 |
|
|a Law
|